| 000 | 00946nam a2200301Ia 4500 | ||
|---|---|---|---|
| 003 | OSt | ||
| 005 | 20221007123743.0 | ||
| 006 | a|||||r|||| 00| 0 | ||
| 007 | ta | ||
| 008 | 221006b |||||||| |||| 00| 0 eng d | ||
| 020 | _a1403922691 (pbk) | ||
| 024 | _a12086 | ||
| 037 |
_b937/2004-05, 13/09/2004, Educational Book Agency (India) _cTextual |
||
| 040 |
_aCDL _cCDL _beng |
||
| 041 |
_2eng _aeng |
||
| 082 | _aE:2, M5;P4.4-;1 Carc | ||
| 100 |
_aKapoor K L _9525196 |
||
| 245 | 0 | _aTextbook of physical chemistry | |
| 250 | _a2 | ||
| 260 |
_aDelhi _bMacmillan India Ltd. _c2004 |
||
| 300 |
_axiii, 501p. _ccm. |
||
| 490 | _vVol. 4 | ||
| 500 | _aAppendix I-II, 491-496p.; Index 497-501p. | ||
| 650 | _a Chemistry | ||
| 650 |
_aPhysical chemistry _9192709 |
||
| 942 |
_hE:2, M5;P4.4-;1 Carc _cTEXL _2CC |
||
| 999 |
_c1212436 _d1212436 |
||